Comparison of soybean varieties under condition of royal university of agriculture,(ការប្រៀបធៀបពូជសណ្តែកសៀង ក្នុងលក្ខខណ្ឌសាកលវិទ្យាល័យភូមិន្ធកសិកម្ម). (Record no. 784)
[ view plain ]
| 000 -LEADER | |
|---|---|
| fixed length control field | 00635nam a22001577a 4500 |
| 003 - CONTROL NUMBER IDENTIFIER | |
| control field | OSt |
| 005 - DATE AND TIME OF LATEST TRANSACTION | |
| control field | 20150918181132.0 |
| 008 - FIXED-LENGTH DATA ELEMENTS--GENERAL INFORMATION | |
| fixed length control field | 150918b xxu||||| |||| 00| 0 eng d |
| 040 ## - CATALOGING SOURCE | |
| Transcribing agency | RUA |
| 082 ## - DEWEY DECIMAL CLASSIFICATION NUMBER | |
| Classification number | AGR ATH 2006 BO33 Or.1 |
| 100 ## - MAIN ENTRY--PERSONAL NAME | |
| 9 (RLIN) | 812 |
| Personal name | ATH, BORIN |
| 245 ## - TITLE STATEMENT | |
| Title | Comparison of soybean varieties under condition of royal university of agriculture,(ការប្រៀបធៀបពូជសណ្តែកសៀង ក្នុងលក្ខខណ្ឌសាកលវិទ្យាល័យភូមិន្ធកសិកម្ម). |
| 260 ## - PUBLICATION, DISTRIBUTION, ETC. (IMPRINT) | |
| Place of publication, distribution, etc. | phnomm phen |
| Name of publisher, distributor, etc. | RUA |
| Date of publication, distribution, etc. | 2006 |
| 300 ## - PHYSICAL DESCRIPTION | |
| Extent | XI,50P. |
| Other physical details | ILL. |
| Dimensions | 29CM. |
| 942 ## - ADDED ENTRY ELEMENTS (KOHA) | |
| Source of classification or shelving scheme | |
| Koha item type | AGR |
| Price effective from | Date last seen | Permanent Location | Not for loan | Date acquired | Source of classification or shelving scheme | Koha item type | Lost status | Withdrawn status | Date last checked out | Total Checkouts | Shelving location | Damaged status | Barcode | Current Location | Full call number |
|---|---|---|---|---|---|---|---|---|---|---|---|---|---|---|---|
| 2015-09-18 | 2022-09-14 | Library Block B | 2015-09-18 | AGR | 2022-09-05 | 1 | B033 | RUA002564 | Library Block B | AGR ATH 2006 BO33 Or.1 | |||||
| 2015-09-18 | 2024-02-15 | Library Block B | 2015-09-18 | AGR | 2024-02-08 | 5 | B033 | RUA002546 | Library Block B | AGR ATH 2006 BO33 Or.2 | |||||
| 2015-09-18 | 2021-08-06 | Library Block B | 2015-09-18 | AGR | 2021-07-23 | 4 | B033 | RUA002617 | Library Block B | AGR ATH 2006 BO33 Or.3 | |||||
| 2015-09-18 | 2024-02-19 | Library Block B | 2015-09-18 | AGR | 2024-02-02 | 5 | B033 | RUA002064 | Library Block B | AGR ATH 2006 BO33 Or.4 | |||||
| 2016-01-25 | 2023-09-29 | Library Block B | 2016-01-25 | AGR | 2023-09-20 | 3 | B033 | RUA050974 | Library Block B | AGR ATH 2006 BO33 Or.5 |